Sports Quiz

Random Sports or Numbers Quiz
Score 0/36 Timer 08:00
0 Plays Today
Uniform Number Player Name % Correct
41Tom Seaver
96.8%
21Cleon Jones
91.5%
14Gil Hodges
91%
20Tommie Agee
90.5%
30Nolan Ryan
89.9%
3Bud Harrelson
88.9%
36Jerry Koosman
88.9%
7Ed Kranepool
86.2%
15Jerry Grote
86.2%
22Donn Clendenon
79.4%
4Ron Swoboda
78.8%
45Tug McGraw
75.1%
8Yogi Berra
70.4%
6Al Weis
67.2%
5Ed Charles
66.1%
11Wayne Garrett
60.8%
24Art Shamsky
56.6%
10 Duffy Dyer
50.3%
Uniform Number Player Name % Correct
12 Ken Boswell
50.3%
9J.C. Martin
46%
27Don Cardwell
42.9%
42Ron Taylor
42.3%
43Jim McAndrew
38.6%
52Joe Pignatano
36%
54Rube Walker
32.8%
17Rod Gaspar
31.7%
34Cal Koonce
31.2%
53Eddie Yost
29.6%
1Bobby Pfeil
27.5%
31Jack DiLauro
19.6%
25Amos Otis
18.5%
29Danny Frisella
15.3%
18Jim Gosger
9.5%
31, 33Les Rohr
7.4%
23, 28 Bob Heise
6.9%
38Jesse Hudson
6.3%

You're not logged in!

Compare scores with friends on all Sporcle quizzes.
OR
Log In

Sporcle TV

Today on Sporcle TV


Watch our educational content, quiz creation guides, and fun videos on Sporcle TV.

Show Comments

Extras

Top Quizzes Today


Score Distribution

Paid Content

Your Account Isn't Verified!

In order to create a playlist on Sporcle, you need to verify the email address you used during registration. Go to your Sporcle Settings to finish the process.

Report this User

Report this user for behavior that violates our Community Guidelines.

Details: